[Event "FRA-ch Blitz Online Qual"]
[Site "Europe Echecs INT"]
[Date "2020.05.16"]
[Round "5"]
[White "Bernard, Mathis"]
[Black "Defromont, Benjamin"]
[Result "1-0"]
[WhiteElo "1880"]
[BlackElo "2236"]
[PlyCount "163"]
[EventDate "2020.05.16"]
[EventType "swiss (blitz)"]
[EventRounds "15"]
[EventCountry "FRA"]
[SourceTitle "CBM 196 Extra"]
[Source "ChessBase"]
[SourceDate "2020.07.31"]
[SourceVersion "1"]
[SourceVersionDate "2020.07.31"]
[SourceQuality "1"]

1. e4 e5 2. Nf3 Nc6 3. Bb5 a6 4. Ba4 Nf6 5. 0-0 Be7 6. d4 b5 7. Bb3 d6 8. c3 0-0 9. h3 Bb7 10. Re1 h6 11. Nbd2 Re8 12. Nf1 Bf8 13. Ng3 g6 14. Nh2 Bg7 15. Ng4 Nxg4 16. Qxg4 Kh7 17. Bxf7 Qf6 18. Bxe8 Rxe8 19. d5 Na5 20. b3 c6 21. dxc6 Bxc6 22. Be3 d5 23. exd5 Bxd5 24. Rad1 Bc6 25. Ne4 Qf5 26. Nd6 Qxg4 27. hxg4 Rf8 28. Bc5 Rf4 29. f3 h5 30. gxh5 gxh5 31. Kf2 h4 32. Be3 Rf8 33. Bb6 Nb7 34. Nxb7 Bxb7 35. Rd7 Ba8 36. Rxe5 Kg6 37. Ree7 Bxc3 38. Bd4 Bxd4+ 39. Rxd4 h3 40. gxh3 Rxf3+ 41. Ke2 Rxh3 42. Rd6+ Kf5 43. Rxa6 Bf3+ 44. Kf2 Be4 45. Rf7+ Ke5 46. Raa7 Rh2+ 47. Ke3 Rh3+ 48. Kd2 b4 49. Rae7+ Kd5 50. Rd7+ Kc5 51. Rfe7 Bb1 52. Re3 Rh2+ 53. Re2 Rh3 54. Kc1 Bg6 55. Kb2 Bd3 56. Rd2 Bb5 57. Rc2+ Kb6 58. Rd6+ Ka5 59. a4 bxa3+ 60. Kxa3 Re3 61. Rc7 Ba6 62. Ra7 Kb5 63. Raxa6 Re1 64. Rab6+ Kc5 65. b4+ Kc4 66. Rdc6+ Kd3 67. Ka4 Ra1+ 68. Kb5 Kd4 69. Rd6+ Ke5 70. Rdc6 Kd5 71. Rc5+ Kd4 72. Rd6+ Ke4 73. Kc6 Rb1 74. b5 Kf4 75. b6 Ke4 76. b7 Kf4 77. Kc7 Ke4 78. b8Q Rh1 79. Qe8+ Kf4 80. Rc4+ Kf3 81. Rd3+ Kf2 82. Rc2+ 1-0

[Event "FRA-ch Blitz Online Qual"]
[Site "Europe Echecs INT"]
[Date "2020.05.16"]
[Round "6"]
[White "Suarez Uriel, Adrian"]
[Black "Bernard, Mathis"]
[Result "1-0"]
[WhiteElo "2340"]
[BlackElo "1880"]
[PlyCount "49"]
[EventDate "2020.05.16"]
[EventType "swiss (blitz)"]
[EventRounds "15"]
[EventCountry "FRA"]
[SourceTitle "CBM 196 Extra"]
[Source "ChessBase"]
[SourceDate "2020.07.31"]
[SourceVersion "1"]
[SourceVersionDate "2020.07.31"]
[SourceQuality "1"]

1. e4 c5 2. Nf3 d6 3. Nc3 Nf6 4. e5 dxe5 5. Nxe5 a6 6. g3 Nbd7 7. d4 Nxe5 8. dxe5 Qxd1+ 9. Nxd1 Nd5 10. Bg2 e6 11. a3 Be7 12. 0-0 0-0 13. c4 Nc7 14. a4 Rb8 15. a5 Rd8 16. Nc3 Bd7 17. Be3 Bc6 18. Bxc6 bxc6 19. Rfd1 Kf8 20. Ne4 Rxd1+ 21. Rxd1 Rxb2 22. Rd7 Ne8 23. Nxc5 Rb4 24. Ra7 Rxc4 25. Nd7+ 1-0